Statistics for Countries That Don't Contain A

Click here to take the quiz!

General Stats

  • This quiz has been taken 135 times
  • The average score is 14 of 31

Answer Stats

Answer% Correct
Sweden
74%
Egypt
70%
Chile
62%
Fiji
61%
Yemen
58%
Belize
57%
Peru
57%
Mexico
55%
Morocco
54%
Greece
53%
Kosovo
51%
Liechtenstein
50%
Cyprus
47%
Togo
47%
United Kingdoms
47%
Belgium
46%
Turkey
46%
Luxembourg
45%
Comoros
43%
Benin
41%
Djibouti
39%
Burundi
37%
Montenegro
37%
Seychelles
33%
Brunei
32%
Czech Republic
32%
Lesotho
30%
Philippines
30%
Niger
24%
Republic of Congo
20%
Cote d'Ivoire
14%

Score Distribution

Percentile by Number Answered

Percent of People with Each Score

Your Score History

You have not taken this quiz